[Event "27th 4NCL Congress Open 2022"]
[Site "Harrogate"]
[Date "2022.01.23"]
[Round "4.8"]
[White "Ther, Mate"]
[Black "Onslow, Alfie"]
[Result "0-1"]
[WhiteElo "2031"]
[BlackElo "2038"]
[Annotator "RC"]
[PlyCount "72"]
[EventDate "2022.01.21"]
[EventType "swiss"]
[EventCountry "ENG"]
[SourceTitle "playchess.com"]
[Source "ChessBase"]
[SourceQuality "1"]
[TimeControl "5400+30"]

1. e4 {[%emt 0:00:01]} c6 {[%emt 0:03:17]} 2. d4 {[%emt 0:00:35]} d5 {[%emt 0:00:13]} 3. e5 {[%emt 0:00:55]} Bf5 {[%emt 0:00:13]} 4. Nc3 {[%emt 0:00:09]} e6 {[%emt 0:00:46]} 5. g4 {[%emt 0:00:10]} Bg6 {[%emt 0:00:18]} 6. Nge2 {[%emt 0:01:46]} c5 {[%emt 0:01:48]} 7. h4 {[%emt 0:00:57]} h5 {[%emt 0:00:57]} 8. Nf4 {[%emt 0:00:26]} Bh7 {[%emt 0:01:16]} 9. Nxh5 {[%emt 0:02:01]} cxd4 {[%emt 0:00:24]} 10. Nb5 {[%emt 0:09:10]} Nc6 {[%emt 0:04:41]} 11. Nxd4 {[%emt 0:11:01]} Nge7 {[%emt 0:07:25]} 12. Bb5 {[%emt 0:05:13]} Qc7 {[%emt 0:01:04]} 13. Bxc6+ {[%emt 0:02:57]} Nxc6 {[%emt 0:00:45]} 14. Nxc6 {[%emt 0:02:17]} Qxc6 {[%emt 0:00:56]} 15. Bg5 {[%emt 0:14:32]} Bxc2 {[%emt 0:22:54]} 16. Qd2 {[%emt 0:00:37]} Qc4 {[%emt 0:00:42]} 17. Rh3 {[%emt 0:14:15]} Bb4 {[%emt 0:01:17]} 18. Rc3 {[%emt 0:00:56]} Qe4+ {[%emt 0:00:39]} 19. Kf1 {[%emt 0:00:49]} Bxc3 {[%emt 0:00:40]} 20. Qxc3 {[%emt 0:00:16]} Bd3+ {[%emt 0:00:55]} 21. Kg1 {[%emt 0:00:35]} O-O {[%emt 0:11:10]} 22. Nf4 {[%emt 0:03:56]} Ba6 {[%emt 0:02:15]} 23. Re1 {[%emt 0:00:00]} Rac8 {[%emt 0:00:41]} 24. Qd2 {[%emt 0:00:52]} Rc2 {[%emt 0:02:10]} 25. Qd1 {[%emt 0:03:01]} Qc4 {[%emt 0:00:51]} 26. Qf3 {[%emt 0:00:38]} Rc1 {[%emt 0:01:23]} 27. Rxc1 {[%emt 0:00:12]} Qxc1+ {[%emt 0:00:04]} 28. Kh2 {[%emt 0:00:07]} Qe1 {[%emt 0:00:18]} 29. Nh5 {[%emt 0:05:01]} Qxe5+ {[%emt 0:02:45]} 30. Bf4 {[%emt 0:00:05]} Qe4 {[%emt 0:00:25]} 31. Qg3 {[%emt 0:00:16]} Rc8 {[%emt 0:02:00]} 32. Bh6 {[%emt 0:00:31]} Be2 {[%emt 0:09:35]} 33. Bxg7 {[%emt 0:00:54]} Qf3 {[%emt 0:01:03]} 34. Qg1 {[%emt 0:00:12]} Rc1 {[%emt 0:01:24]} 35. Qg2 {[%emt 0:02:07]} Qxg2+ {[%emt 0:00:35]} 36. Kxg2 {[%emt 0:00:05]} f5 {[%emt 0:00:54]} 0-1

[Event "27th 4NCL Congress Open 2022"]
[Site "Harrogate"]
[Date "2022.01.23"]
[Round "4.9"]
[White "Smith, Andrew Philip"]
[Black "Gardiner, Eric D"]
[Result "1-0"]
[WhiteElo "2112"]
[BlackElo "1982"]
[Annotator "TA"]
[PlyCount "67"]
[EventDate "2022.01.21"]
[EventType "swiss"]
[EventCountry "ENG"]
[SourceTitle "playchess.com"]
[Source "ChessBase"]
[SourceQuality "1"]

{[%evp 9,67,11,21,14,2,0,3,-17,-4,-25,7,4,20,36,12,0,0,10,135,-6,70,35,41,20,23,-25,-35,-25,-28,-109,-113,-112,-84,-110,-89,-294,-279,-277,-279,-260,-127,-142,-86,-235,-227,-221,0,0,0,0,0,0,0,-177,-174,-176,-106,-220,-141,-275]} 1. e4 d6 2. d4 Nf6 3. Nc3 e5 4. Nge2 Be7 5. f3 c6 {[%cal Bc7c6,Bc6c5][%mdl 32]} 6. Be3 {B07: Pirc Defence: Miscellaneous Systems.} O-O 7. Qd2 b5 {[%cal Bb7b5,Bb5b4][%mdl 32]} 8. g4 {The position is equal.} b4 9. Na4 exd4 10. Nxd4 {[#]} c5 $146 ({Predecessor:} 10... Bxg4 11. fxg4 Nxe4 12. Qg2 Bh4+ 13. Kd1 Nc5 14. b3 Re8 15. Qh3 Qe7 16. Kd2 Ne4+ {½-½ (30) Navarro Lopez Menchero,D (2318)-Gonzalez de la Torre,S (2472) Linares 2013}) 11. Nf5 Bxf5 12. exf5 {With the idea 0-0-0.} Qe8 13. b3 {Threatens to win with 0-0-0.} ({Not} 13. g5 $2 Qxa4 14. Bc4 (14. gxf6 $2 Bxf6 15. Rd1 Bxb2 $19) 14... Nh5 $17) 13... Nc6 {[#]} (13... Nfd7 $11 {keeps the balance.}) 14. Be2 (14. O-O-O $1 $16) 14... Nd7 (14... Bd8 $11) 15. O-O {White is more active.} Bf6 16. Rad1 (16. Rae1 $5 {[%cal Re2b5]}) 16... Bd4 17. Bxd4 (17. Bf2 $142) 17... Nxd4 $11 18. Bc4 Nb6 $36 {[%mdl 2048] Black has the initiative. Pair of Knights!} 19. Nb2 (19. c3 $1 $11) 19... Qc6 $17 20. Kg2 Nxc4 21. Nxc4 Rfe8 22. Qd3 (22. Rf2 $17) 22... Re2+ $19 23. Rf2 Rae8 24. Rd2 Rxf2+ (24... Re1 $19 25. Rd1 R1e7) 25. Rxf2 $17 h6 (25... h5 $142 {aiming for ...hxg4.} 26. gxh5 d5) 26. c3 (26. Ne3 $17 {is a better defense.}) 26... bxc3 $19 27. Qxc3 Re2 ({Black should try} 27... d5 $19 28. Nb2 h5) 28. Rxe2 $11 Nxe2 29. Qe3 Nd4 30. Nd2 Qa6 31. Kf2 $2 (31. Qe8+ $11 Kh7 32. Qxf7 Qe2+ 33. Kh3 Qxd2 34. Qg6+ Kh8 35. Qe8+ Kh7 36. Qg6+ Kh8 37. Qe8+ Kh7 38. Qg6+) 31... Qxa2 $19 {[%cal Od4b3]} 32. Kg3 {[#]} Qa1 ({Black should play} 32... Qb2 $1 $19 33. Ne4 Qxb3 34. Qxb3 Nxb3 35. Nxd6 a5) 33. Ne4 (33. Kh3 $17) 33... Qf1 {White must now prevent ...Ne2+.} 34. Nc3 {[%mdl 32768] To avoid Ne2+.  Weighted Error Value: White=0.54/Black=0.39. Loss on time!?} ({But not} 34. Nxd6 $2 Ne2+ 35. Qxe2 Qxe2 $19) (34. h3 $17 {is the only way for White.}) 1-0

[Event "27th 4NCL Congress Open 2022"]
[Site "Harrogate"]
[Date "2022.01.23"]
[Round "4.10"]
[White "Gomez Torres, Richard Daniel"]
[Black "Sedykh, Mikhail"]
[Result "0-1"]
[WhiteElo "2209"]
[BlackElo "2122"]
[Annotator "TA"]
[PlyCount "122"]
[EventDate "2022.01.21"]
[EventType "swiss"]
[EventCountry "ENG"]
[SourceTitle "playchess.com"]
[Source "ChessBase"]
[SourceQuality "1"]

{[%evp 19,122,4,6,0,0,0,0,0,13,0,0,0,-15,-9,0,-14,-13,-29,-32,-25,-29,-28,-12,-10,0,-25,-13,-5,0,0,0,0,5,0,0,0,29,1,22,20,26,22,27,0,15,20,36,10,53,10,2,0,0,0,0,0,19,0,41,0,0,0,0,-8,-8,-8,-8,-8,8,-22,27,-185,-183,-240,-197,-737,-679,-885,-802,-1559,-1533,-1391,-557,-501,-491,-709,-643,-703,-313,-563,-684,-652,-473,-423,-344,-29966,-29967,-5734,-1783,-29987,-29988,-29988,-29989,-29994,-29992]} 1. e4 e6 2. d4 d5 3. Nc3 dxe4 4. Nxe4 Nd7 5. Nf3 Ngf6 6. Nxf6+ Nxf6 7. Bd3 c5 8. O-O cxd4 9. Nxd4 Bc5 10. Nb3 Bd6 11. a4 {[#] C10: French with 3 Nc3: Unusual Black 3rd moves and 3...dxe4.} Qc7 $146 ({Predecessor:} 11... Bd7 12. a5 Bc6 13. a6 b6 14. Qe2 O-O 15. Rd1 Qc7 16. Nd4 Bxh2+ 17. Kh1 Bd6 18. Bg5 Nd5 19. Nxc6 Qxc6 20. c4 Nb4 21. Be4 Qc7 22. Ra3 Rae8 23. Bxh7+ Kxh7 24. Rh3+ Kg8 25. Bf6 {1-0 (26) Losev,D (2250)-Galyamov,V (2187) Moscow 2014}) 12. h3 Bd7 13. Qe2 {The position is equal.} Nd5 14. Bb5 O-O 15. Bxd7 Qxd7 16. Rd1 Qe7 17. Nd2 {[%cal Bb3d2,Bd2e4,Be4g3,Bg3f1,Bf1e3,Be3d5][%mdl 32]} Rac8 18. Ne4 Bb8 19. c3 Qc7 {( -> ...Qh2+)} 20. Ng3 Rfd8 21. Bg5 Rd7 22. Nf1 (22. c4 $5 {[%cal Rc4d5]} Ne7 23. Rxd7 Qxd7 24. Rd1 $11) 22... Qc6 23. Ne3 h6 24. Nxd5 hxg5 25. Ne3 Rcd8 26. Qb5 Qxb5 27. axb5 Kf8 28. Kf1 Ke7 29. Ke2 f5 30. Rxd7+ Rxd7 $11 {[%mdl 4096] Endgame KRB-KRN} 31. Rd1 Rc7 32. Kd3 g6 33. c4 Rc8 (33... Rd7+ $11 34. Ke2 Bd6) 34. b3 (34. b4 $14 {is superior.}) 34... Be5 35. Ke2 Bd6 36. Rd3 Bc5 37. Nc2 Bb6 38. Nb4 Rh8 (38... Ba5 $11 {was preferrable.} 39. Nc2 Bb6) 39. Kf3 (39. Rd1 $14 {deserves consideration.}) 39... Rh4 {White must now prevent ...Rf4+.} 40. Ke2 g4 41. Nc2 gxh3 42. Rxh3 Rxh3 43. gxh3 {KB-KN} Kf6 44. f4 g5 (44... e5 {is more appropriate.}) 45. b4 $2 {This move loses the game for White.} (45. fxg5+ $1 $11 {and White stays safe.} Kxg5 46. b4) 45... gxf4 $19 46. c5 (46. h4 $142) 46... Bd8 47. Nd4 $2 (47. h4) 47... Ke5 48. Kd3 {[%cal Ob5b6]} Kd5 49. c6 bxc6 50. bxc6 a6 (50... e5 $142 51. Nxf5 e4+ 52. Kc3 Bf6+ 53. Kd2 Kxc6) 51. h4 {[#]} e5 $1 52. Nxf5 e4+ 53. Ke2 Kxc6 54. h5 Kd5 {Hoping for ...Ke5.} 55. h6 Ke5 56. h7 Bf6 57. Nh4 {[#]} (57. Ne7 $19) 57... f3+ 58. Kd1 Kd4 (58... Kf4 $142 59. Ng6+ Kg3) 59. Nf5+ Kd3 {Black mates.} ({Inferior is} 59... Ke5 60. Ne3 Bh8 61. Kd2 $17) 60. Ke1 e3 {[%cal Be4e3,Be3e2][%mdl 32]} 61. Kd1 e2+ {Weighted Error Value: White=0.65/Black=0.24 (precise)} 0-1

[Event "27th 4NCL Congress Open 2022"]
[Site "Harrogate"]
[Date "2022.01.23"]
[Round "4.11"]
[White "Townsend, M Paul"]
[Black "Eagleton, Greg T"]
[Result "1/2-1/2"]
[WhiteElo "2159"]
[BlackElo "2078"]
[Annotator "TA"]
[PlyCount "50"]
[EventDate "2022.01.21"]
[EventType "swiss"]
[EventCountry "ENG"]
[SourceTitle "playchess.com"]
[Source "ChessBase"]
[SourceQuality "1"]

{[%evp 17,50,43,46,-4,25,17,39,20,24,20,46,20,44,22,28,34,34,33,31,14,15,12,18,0,0,0,0,0,0,0,0,0,0,0,0]} 1. d4 Nf6 2. c4 c5 3. d5 b5 4. Qc2 bxc4 5. e4 d6 6. Bxc4 g6 7. Nf3 Bg7 8. O-O O-O 9. Nc3 {[%cal Bb1c3,Bc3b5,Bb5a3][%mdl 32]} Nbd7 10. a4 {A57: Benko/Volga Gambit.} (10. h3 $14) 10... Nb6 11. Bb5 Bd7 12. a5 {White is slightly better.} (12. Be2 {seems wilder.} Rb8 13. h3 Na8 14. Bg5 Nc7 15. Rad1) 12... Bxb5 13. Nxb5 {[#]} a6 $146 ({Predecessor:} 13... Nbd7 14. Bd2 Ng4 15. Rab1 Nde5 16. Nxe5 Nxe5 17. Bc3 Qd7 18. Na3 f5 19. f4 Ng4 20. Bxg7 Kxg7 {½-½ (57) Bosboom,M (2450)-Hendriks,W (2345) Enschede 1998}) 14. Na3 ({Of course not} 14. axb6 axb5 15. Rxa8 Qxa8 $17) (14. Nxd6 $5 exd6 15. axb6 $14) 14... Nbd7 15. Bd2 e6 16. dxe6 fxe6 17. Rae1 Ng4 18. h3 Nge5 {The position is equal.} 19. Nxe5 Nxe5 ({Not} 19... dxe5 20. Rd1 $16) 20. Bc3 Nf3+ 21. gxf3 Qg5+ 22. Kh2 Qf4+ 23. Kg1 {[#] Strongly threatening Bxg7.} Qg5+ 24. Kh2 Qf4+ 25. Kg1 {aiming for Bxg7.} Qg5+ {Weighted Error Value: White=0.10 (very precise) /Black=0.07 (flawless)} 1/2-1/2

[Event "27th 4NCL Congress Open 2022"]
[Site "Harrogate"]
[Date "2022.01.23"]
[Round "4.12"]
[White "Wilks, Simon"]
[Black "Bak, Christopher"]
[Result "1-0"]
[WhiteElo "2092"]
[BlackElo "2022"]
[Annotator "TA"]
[PlyCount "99"]
[EventDate "2022.01.21"]
[EventType "swiss"]
[EventCountry "ENG"]
[SourceTitle "playchess.com"]
[Source "ChessBase"]
[SourceQuality "1"]

{[%evp 21,98,0,0,0,0,0,0,0,0,-14,-22,-31,-29,-31,-34,-29,77,-77,251,-42,-40,-43,-55,-61,-13,-15,-17,-25,-28,-34,-31,-35,0,0,-14,-12,0,-29,-34,-56,-8,-8,0,0,0,0,0,-16,0,0,0,0,0,-2,-1,0,0,0,0,0,3,3,51,50,185,186,29994,29994,29994,29995,29995,29996,29997,29997,29997,29998,29998,29999,29999]} 1. e4 e6 2. d4 d5 3. Nc3 Nf6 4. Bg5 Be7 5. e5 Nfd7 6. Bxe7 Qxe7 7. f4 O-O 8. Nf3 c5 9. Qd2 Nc6 10. dxc5 Nxc5 11. O-O-O a6 12. Kb1 {C14: French: Classical System: 4 Bg5 Be7 main line.} b5 13. Bd3 b4 14. Ne2 {The position is equal.} a5 15. Ned4 (15. Qe3 $5 {[%cal Rd3h7]} Nxd3 16. cxd3 $11) 15... Nxd4 16. Nxd4 Ba6 17. Rhe1 Rfc8 18. f5 {[%cal Of5f6]} Kh8 {[#]} (18... Qh4 $11 {remains equal.} 19. Bxa6 Rxa6) 19. Re3 $146 (19. f6 $1 $16 {[%cal Rf6e7]} gxf6 20. Qh6 Bxd3 21. cxd3 (21. exf6 $2 Bxc2+ 22. Nxc2 Qf8 $19)) ({Predecessor:} 19. Qf4 Bxd3 20. cxd3 exf5 21. Nxf5 Qe6 22. Nd6 Rc7 23. Re3 f6 24. Rf1 Nd7 25. d4 {½-½ (40) Ganzhurov,R (2327)-Yuzhakov,O (2286) Tiumen 2012}) 19... b3 $2 {[%mdl 8192] [#]} (19... Nxd3 $17 {stays on course.} 20. cxd3 Qh4 21. fxe6 fxe6) 20. Nxb3 (20. axb3 $2 Bxd3 21. f6 (21. cxd3 $2 a4 $19) 21... gxf6 22. cxd3 a4 $19) (20. f6 $1 $18 {[%cal Rf6e7]} gxf6 21. Bxh7 fxe5 22. Nxb3 Nxb3 23. axb3) 20... Bxd3 $15 21. cxd3 Nxb3 22. axb3 {[%cal Of5f6]} exf5 (22... a4 $15 23. f6 gxf6 24. exf6 Qa7) 23. d4 $11 a4 24. Rc1 $1 {And now Rxc8+ would win.} Rcb8 25. bxa4 Rxa4 {Strongly threatening ...g6.} 26. Qc2 $1 Rc4 27. Rc3 Rxc3 28. Qxc3 {[%cal Oc3c8][%mdl 4096] Endgame KQR-KQR} h6 29. Qc5 Qb7 {[%csl Gb8][%cal Rb7b2]} 30. Rc2 Qb3 (30... f4 $1 $15) 31. Qc3 Qb5 32. Qf3 {Prevents Qf1+.} Qd7 33. Rc5 Qb7 {[%csl Gb8][%cal Rb7b2]} 34. Qc3 Ra8 35. Rc6 Kh7 36. Qc2 g6 37. e6 $1 (37. Kc1 Ra1+ 38. Kd2 Qb4+ 39. Rc3 Qxd4+ 40. Qd3 Qxe5 $19) 37... Qa7 {[%csl Ga8][%cal Ra7a1]} 38. Qc3 {Active counter play!} Qa1+ 39. Kc2 Qa4+ 40. Kd2 fxe6 41. Rxe6 {Qc7+ would kill now.} Qd7 {To avoid Qc7} (41... Ra7 $11 {was preferrable.}) 42. Qc6 $14 Qa7 {[#]} (42... Qxc6 $14 43. Rxc6 Kg7) 43. Qc5 $1 $18 {Black must now prevent Re7+.} ({Don't play} 43. Qxd5 $6 Rb8 44. Kc3 Rb7 $16) ({Weaker is} 43. Rxg6 Qxd4+ 44. Kc2 Qe4+ 45. Kd2 Qb4+ 46. Kc2 Qe4+ 47. Kd2 Qf4+ 48. Kd3 Ra2 49. Qd7+ Kxg6 $11) 43... Qa1 $2 (43... Qa5+ $18 44. Kd3 Qd8) 44. Qe7+ {White mates.} Kh8 45. Qf6+ Kg8 46. Qxg6+ Kf8 47. Qxf5+ Kg7 48. Rg6+ Kh7 49. Qf7+ Kh8 50. Qg7# {Weighted Error Value: White=0.21 (precise) /Black=0.48} 1-0

[Event "27th 4NCL Congress Open 2022"]
[Site "Harrogate"]
[Date "2022.01.23"]
[Round "4.13"]
[White "Gordon, Sean"]
[Black "Jarmany, John"]
[Result "1/2-1/2"]
[WhiteElo "2039"]
[BlackElo "2126"]
[Annotator "TA"]
[PlyCount "73"]
[EventDate "2022.01.21"]
[EventType "swiss"]
[EventCountry "ENG"]
[SourceTitle "playchess.com"]
[Source "ChessBase"]
[SourceQuality "1"]

{[%evp 9,73,30,39,6,4,8,33,35,27,30,36,16,18,12,17,20,13,-23,29,7,7,7,7,7,7,8,8,11,7,7,8,8,8,8,31,33,77,74,69,0,0,0,0,0,0,0,0,0,0,0,3,0,0,0,0,0,0,0,0,0,0,-16,0,0,0,-16]} 1. e4 c6 2. Nf3 d5 3. Nc3 dxe4 4. Nxe4 Bg4 5. Be2 Nd7 6. h3 {B11: Caro-Kann: Two Knights Variation.} Bxf3 7. Bxf3 Ngf6 8. Nxf6+ {White is slightly better.} Nxf6 9. d4 e6 10. Bf4 Bd6 11. Qd2 {[#]} Nd5 $146 ({Predecessor:} 11... Bxf4 12. Qxf4 O-O 13. O-O Nd5 14. Qe5 Qb8 15. c4 Qxe5 16. dxe5 Ne7 17. Be4 Rfd8 {½-½ (46) Rueda Maria,R (1802)-Alises Fontecha,J (1574) Madrid 2019}) 12. Bxd6 Qxd6 13. c4 Nf6 ({Black should try} 13... Ne7) 14. O-O O-O 15. Rad1 {[%cal Ba1d1,Bd1d2,Bd2b2][%mdl 32]} Rfd8 16. Qc3 Qc7 17. g3 Rd7 18. Rd2 Rad8 19. Rfd1 Qb6 20. b4 Qc7 21. a4 a5 22. bxa5 Ra8 (22... h5 $14) 23. Rb2 $16 h6 24. Rdb1 ({White should play} 24. Rb6 $14) 24... Qxa5 $11 {The position is equal.} 25. Qxa5 Rxa5 26. Rxb7 Rxb7 27. Rxb7 Rxa4 {[%mdl 4096] Endgame KRB-KRN} 28. Be2 Ra2 {[%cal Ba4a2,Ba2d2,Bd2d4][%mdl 32]} 29. Kf1 Rd2 30. Rc7 Rxd4 31. Rxc6 Kf8 32. f3 Ke7 33. Kf2 Rd6 34. Rc7+ Rd7 35. Rc6 Rd6 36. Rc7+ Rd7 37. Rc6 {Weighted Error Value: White=0.08 (flawless) /Black=0.08 (flawless)} 1/2-1/2

[Event "27th 4NCL Congress Open 2022"]
[Site "Harrogate"]
[Date "2022.01.23"]
[Round "4.14"]
[White "McKay, Jonathan"]
[Black "Longson, Sarah N"]
[Result "0-1"]
[WhiteElo "1832"]
[BlackElo "2036"]
[Annotator "TA"]
[PlyCount "88"]
[EventDate "2022.01.21"]
[EventType "swiss"]
[EventCountry "ENG"]
[SourceTitle "playchess.com"]
[Source "ChessBase"]
[SourceQuality "1"]

{[%evp 11,88,50,47,-25,16,15,22,-1,0,-97,-97,-108,-100,-105,-109,-112,-107,-112,-107,-126,-128,-133,-131,-124,-131,-148,-152,-157,-164,-171,-174,-267,-267,-289,-290,-416,-403,-432,-470,-468,-456,-583,-555,-583,-509,-591,-587,-590,-567,-623,-522,-954,-928,-5118,-5110,-5102,-5101,-5065,-2509,-29979,-29980,-29980,-29979,-29977,-29979,-29984,-29985,-29985,-29986,-29986,-29987,-29987,-29988,-29989,-29989,-29990,-29991,-29991,-29992]} 1. e4 e5 2. Nc3 Nf6 3. g3 d5 4. exd5 Nxd5 5. Bg2 Be6 6. Nf3 Nc6 7. Qe2 {C47: Scotch Four Knights and Four Knights with 4 g3.} (7. O-O $14) 7... Nxc3 (7... Bd6 {deserves consideration.}) 8. bxc3 Bd6 9. d4 {The position is equal.} exd4 {[#]} 10. cxd4 $146 ({Reject} 10. Nxd4 Nxd4 11. cxd4 Bb4+ 12. Bd2 Qxd4 $17) (10. Ng5 $11) ({Predecessor:} 10. O-O dxc3 11. Ng5 Nd4 12. Qe4 Be7 13. Nxe6 Nxe6 14. Qxb7 Rb8 15. Qxa7 O-O 16. Be3 {½-½ (33) Richmond,J (2148)-Purdon,C (2125) Sunningdale 2008}) 10... Bb4+ $17 {Black keeps a firm grip on the game.} 11. Bd2 Nxd4 {Black is more active.} 12. Nxd4 Qxd4 13. Rd1 {And now Qb5+ would win.} Bxd2+ 14. Rxd2 Qa1+ 15. Rd1 {[#]} Qc3+ 16. Qd2 Qxd2+ 17. Rxd2 c6 18. O-O Rd8 $36 {[%mdl 2048] Black is on the roll.} ({Weaker is} 18... Bxa2 19. Ra1 Be6 20. Rb1 $17) 19. Re2 Kd7 20. Rb1 Kc7 21. c3 (21. a3 $142) 21... Rd3 $19 22. f4 Rhd8 ({Don't go for} 22... Rxc3 $2 23. a4 $19) 23. Reb2 (23. Be4 {was necessary.} Rxc3 24. Bxh7) 23... Rd1+ 24. Rxd1 Rxd1+ {[%mdl 4096] Endgame KRB-KRB} 25. Kf2 Ra1 26. Be4 Rxa2 27. Rxa2 Bxa2 28. Bxh7 {KB-KB} a5 {[%cal Ba7a5,Ba5a4][%mdl 32]} 29. Ke3 a4 30. Kd2 g6 31. f5 g5 32. h4 gxh4 33. gxh4 Kd6 34. h5 Ke7 (34... Ke5 $142 35. f6 Kxf6) 35. h6 Kf6 {Black mates.} 36. Bg8 b5 {[%cal Bb7b5,Bb5b4,Bb4b3][%mdl 32]} 37. h7 Kg7 38. f6+ Kh8 39. Kc2 a3 40. Kc1 c5 41. Kd2 b4 42. Kd1 Be6 43. Kc2 b3+ 44. Kb1 Bf5+ {Weighted Error Value: White=0.60/Black=0.10 (very precise)} 0-1

[Event "27th 4NCL Congress Open 2022"]
[Site "Harrogate"]
[Date "2022.01.23"]
[Round "4.15"]
[White "Stokes, Michael"]
[Black "Pal, Rohan"]
[Result "0-1"]
[WhiteElo "2071"]
[BlackElo "1817"]
[Annotator "TA"]
[PlyCount "82"]
[EventDate "2022.01.21"]
[EventType "swiss"]
[EventCountry "ENG"]
[SourceTitle "playchess.com"]
[Source "ChessBase"]
[SourceQuality "1"]

{[%evp 21,82,-10,-8,-18,-22,-34,-37,-40,-40,-44,-7,-41,0,-29,-37,-200,-210,-239,-242,-298,-280,-304,-304,-337,-336,-469,-489,-520,-515,-576,-585,-774,-757,-756,-755,-758,-739,-872,-876,-883,-889,-869,-851,-943,-942,-968,-961,-1355,-1189,-2262,-1468,-29976,-29977,-29969,-29967,-29969,-7727,-29973,-29974,-6528,-1796,-5206,-2193]} 1. e4 c5 2. d4 cxd4 3. c3 dxc3 4. Nxc3 Nc6 5. Nf3 d6 6. Bc4 e6 {[%cal Be7e6,Be6e5][%mdl 32]} 7. Qe2 Be7 8. O-O Bd7 9. Rd1 a6 10. Bf4 e5 11. Be3 Nf6 12. a4 {B21: Sicilian: 2 f4 and Morra Gambit.} O-O 13. h3 Rc8 14. Rac1 {Black is slightly better.} h6 {[#]} 15. Nh4 $146 ({Predecessor:} 15. b3 Nb4 16. Nd2 Bc6 17. Qe1 Re8 18. Nf3 Bd7 19. Qe2 Bf8 20. Nd2 Qe7 21. Kh2 {½-½ (48) Mezera,L (2364)-Ilyasov,A (2342) GER email 2015}) 15... Kh7 {To avoid Ng6} 16. Nf3 (16. Nf5 {is interesting.} Bxf5 17. exf5 Nb4 18. Bb3 d5 19. Nxd5 Nbxd5 20. Rxc8 Qxc8 21. Bxd5 Nxd5 22. Rxd5 Qxf5 23. Qd1) 16... Be6 (16... Nb4 $15) 17. Bxe6 fxe6 18. g4 $2 {[#] Loses the game.} (18. b4 $1 $15) 18... Qe8 $19 19. Kh2 Qg6 20. g5 Nxe4 21. gxh6 Nxc3 22. Rxc3 {[#] Threatens to win with Rg1.} gxh6 23. Rg1 Qf5 24. Rg3 d5 25. Bc5 Bxc5 26. Ng5+ Qxg5 ({Worse is} 26... hxg5 27. Qh5+ Kg7 28. Rxg5+ Qxg5 29. Qxg5+ Kf7 30. Rxc5 $11) 27. Rxg5 Rxf2+ ({Not} 27... hxg5 28. Qh5+ Kg7 29. Qxg5+ Kf7 30. Rxc5 $11) 28. Qxf2 Bxf2 29. Rg2 Bd4 {[%cal Bf2d4,Bd4e3,Be3g5][%mdl 32]} 30. Rf3 Rc7 31. Rf6 Re7 32. Rgg6 Be3 33. Kg2 Nd4 34. h4 Rg7 35. h5 Bg5 36. Rf8 Rxg6 37. hxg6+ Kxg6 38. Rb8 b5 (38... e4 $142 39. Rg8+ Kh5 40. Rc8 e3 41. Rc1 e2 42. Re1 Bh4 43. Rxe2 Nxe2 44. Kf3 Nd4+ 45. Ke3 e5 46. Kd3 Bf2 47. Kd2 e4 48. Kc3 Ne2+ 49. Kb4 d4 50. Kc4 d3 51. Kd5 d2 52. Kd6 d1=Q+ 53. Kc7 Nf4 54. Kb8 Qd8+ 55. Kxb7 Nd5 56. Kc6 Ne7+ 57. Kb7 Qc8#) 39. Ra8 bxa4 40. Rxa6 Bc1 41. Rb6 Kf5 {Weighted Error Value: White=0.62/Black=0.04 (flawless)} 0-1